Normal view
MARC view
Entry Personal Name
001 - CONTROL NUMBER
- control field: 47074
003 - CONTROL NUMBER IDENTIFIER
- control field: dpl
005 - DATE AND TIME OF LATEST TRANSACTION
- control field: 20120514125225.0
008 - FIXED-LENGTH DATA ELEMENTS
- fixed length control field: 120514|||a|||||| | ||| d
040 ## - CATALOGING SOURCE
- Original cataloging agency: dpl
- Transcribing agency: dpl
100 ## - HEADING--PERSONAL NAME
- Personal name: Kotwani, Namita R.
670 ## - SOURCE DATA FOUND
- Source citation: Work cat.: (dpl): Jayaram, R. 47069, Industrial economics and telecommunication regulations /, 2012
670 ## - SOURCE DATA FOUND
- Source citation: Work cat.: (dpl): Jayaram, R. 47069, Industrial economics and telecommunication regulations /, 2012
